[Event "Ikaros op"]
[Site "Athens"]
[Date "1997.??.??"]
[Round "4"]
[White "Kontsetti, Paolo"]
[Black "Babaniotis, Evangelos"]
[Result "1/2-1/2"]
[WhiteElo "1780"]
[BlackElo "1895"]
[PlyCount "78"]
[EventDate "1997.??.??"]
[EventType "swiss"]
[EventRounds "7"]
[EventCountry "GRE"]
[SourceTitle "EXT 2004"]
[Source "ChessBase"]
[SourceDate "2003.11.25"]
[SourceVersion "1"]
[SourceVersionDate "2003.11.25"]
[SourceQuality "1"]

1. d4 c5 2. d5 d6 3. e4 g6 4. Bb5+ Nd7 5. a4 a6 6. Be2 b6 7. Nf3 Bg7 8. 0-0 Ngf6 9. Nc3 0-0 10. Re1 Ne8 11. Be3 Rb8 12. Qd2 Nc7 13. Bh6 b5 14. Bxg7 Kxg7 15. axb5 axb5 16. b4 cxb4 17. Qd4+ f6 18. Qxb4 Nc5 19. Qd4 e5 20. dxe6 N5xe6 21. Qd2 Rf7 22. Nd5 Nc5 23. Bf1 N7e6 24. Nd4 Nxd4 25. Qxd4 Bb7 26. Reb1 Bc6 27. Ra3 Qe8 28. f3 Qe5 29. Qxe5 fxe5 30. Nb4 Be8 31. Rd1 Rd7 32. Ra5 Rdd8 33. Ra7+ Rb7 34. Rda1 Rdd7 35. Rxb7 Rxb7 36. Rd1 Rb6 37. Nd5 Rb7 38. Nb4 Rb6 39. Nd5 Rb7 1/2-1/2

[Event "Ikaros op"]
[Site "Athens"]
[Date "1997.??.??"]
[Round "2"]
[White "Kontsetti, Paolo"]
[Black "Klemel, M."]
[Result "0-1"]
[WhiteElo "1780"]
[BlackElo "2000"]
[PlyCount "51"]
[EventDate "1997.??.??"]
[EventType "swiss"]
[EventRounds "7"]
[EventCountry "GRE"]
[SourceTitle "EXT 2004"]
[Source "ChessBase"]
[SourceDate "2003.11.25"]
[SourceVersion "1"]
[SourceVersionDate "2003.11.25"]
[SourceQuality "1"]

1. d4 Nf6 2. Nf3 e6 3. Bg5 Be7 4. e3 0-0 5. Nbd2 b6 6. Bd3 Bb7 7. 0-0 c5 8. c3 d6 9. Re1 Nbd7 10. a4 h6 11. Bh4 Rc8 12. Bxf6 Bxf6 13. a5 Qc7 14. axb6 axb6 15. Ba6 Ra8 16. Bxb7 Qxb7 17. Qe2 Rxa1 18. Rxa1 Ra8 19. Rxa8+ Qxa8 20. b4 Qa1+ 21. Nf1 d5 22. bxc5 bxc5 23. g3 c4 24. Kg2 Nb6 25. N3d2 Na4 26. Nb1 0-1

[Event "Ikaros op"]
[Site "Athens"]
[Date "1997.??.??"]
[Round "6"]
[White "Paraskevaidis, Vasilios"]
[Black "Kontsetti, Paolo"]
[Result "1/2-1/2"]
[WhiteElo "1895"]
[BlackElo "1780"]
[PlyCount "186"]
[EventDate "1997.??.??"]
[EventType "swiss"]
[EventRounds "7"]
[EventCountry "GRE"]
[SourceTitle "EXT 2004"]
[Source "ChessBase"]
[SourceDate "2003.11.25"]
[SourceVersion "1"]
[SourceVersionDate "2003.11.25"]
[SourceQuality "1"]

1. e4 c6 2. d4 d5 3. exd5 cxd5 4. Bd3 Nc6 5. c3 Nf6 6. Nf3 Bg4 7. 0-0 e6 8. Re1 Be7 9. Nbd2 0-0 10. Nf1 Bh5 11. Ng3 Bg6 12. Ne5 Nxe5 13. dxe5 Nd7 14. f4 Bh4 15. Be3 b6 16. Bf2 Bxg3 17. hxg3 Nc5 18. Be2 Ne4 19. Bf3 Rc8 20. Qe2 Rc4 21. Red1 Qc7 22. Qe1 Nxf2 23. Kxf2 f6 24. exf6 Rxf6 25. Rd4 Rc6 26. Qe3 h6 27. Re1 b5 28. g4 Bf7 29. g3 Rc5 30. a3 a6 31. Kg2 Rc4 32. Be2 Rxd4 33. Qxd4 Bg6 34. Bf3 Bf7 35. Re5 Qc4 36. Qxc4 bxc4 37. g5 hxg5 38. Rxg5 Rf5 39. Rxf5 exf5 40. Kf2 Kf8 41. Ke3 Ke7 42. Kd4 Kd6 43. Bd1 a5 44. Ba4 Bh5 45. Bb5 Bf3 46. Be8 Be4 47. Bf7 Bf3 48. Bg6 Bg4 49. Bh7 Bh3 50. Bg8 Bg2 51. Bf7 Bf3 52. Be8 Bg2 53. Ba4 Bf3 54. b4 cxb3 55. Bxb3 Bg2 56. Bd1 Bh1 57. Bh5 Bg2 58. Bf7 Bf3 59. c4 dxc4 60. Bxc4 Bd1 61. Bd3 Bg4 62. Kc4 Kc6 63. Bc2 Bh3 64. Ba4+ Kd6 65. Kd4 Bg2 66. Be8 Bf3 67. Bf7 Bg2 68. Bg6 Bh3 69. Bh5 Bg2 70. Be2 Bc6 71. Bd3 Bd7 72. Ba6 Be6 73. Bb7 Bd7 74. Bd5 Bb5 75. Bf3 Ba6 76. Bd1 Bb5 77. Bc2 Bd7 78. Kc4 Ke6 79. Kc5 Kf6 80. Kb6 g5 81. Kxa5 gxf4 82. gxf4 Ke6 83. Bb3+ Kd6 84. Kb6 Be8 85. Bc4 Bd7 86. Bf7 Bc6 87. Be6 Be4 88. Bc4 Bc2 89. Kb5 Be4 90. a4 Bc6+ 91. Kb4 Bxa4 92. Kc3 Bd7 93. Kd4 Bc6 1/2-1/2